00825nam a2200229Ia 4500003000900000008004100009020001800050040001600068080001900084110004300103245006700146260003500213300001500248490006700263650004100330650003000371650002100401700002800422942000700450999001500457952012300472IN-BaIIA211028s9999 xx 000 0 eng d a0-12-368845-9 cIIA Library a063:53bENF-46 aInternational School of Physics96891 0aPhysics with Intersecting Storage Ringscedited by B. Touschek aNew YorkbAcademic Pressc1971 axiv, 611p. aProceedings of the international school of physics; course. 46 aAstronomy and Astrophysics Thesaurus aHigh Energy Physics92205 aKinematics91556 aTouschek, B., ed.96892 cBK c3876d3876 00104070aBANbBANcGENd1972-01-01g196.75l0o063:53/ ENF-46p4328r2021-11-05v196.75w1972-01-01yBKGRs. 196.75